[Event "IV Festival A"]
[Site "Salsomaggiore Terme ITA"]
[Date "2000.05.12"]
[Round "2"]
[White "Scalcione, Michelangelo"]
[Black "Tencati, Giuseppe"]
[Result "1-0"]
[WhiteElo "2183"]
[BlackElo "2054"]
[PlyCount "78"]
[EventDate "2000.05.11"]

1. Nf3 d5 2. d4 Nf6 3. c4 c6 4. Nc3 e6 5. Bg5 dxc4 6. e4 b5 7. e5 h6 8. Bh4 g5
9. Nxg5 hxg5 10. Bxg5 Nbd7 11. exf6 Bb7 12. g3 c5 13. d5 Qb6 14. Bg2 O-O-O 15.
O-O Bh6 16. Bxh6 Rxh6 17. a4 b4 18. a5 Qa6 19. Na4 Rxf6 20. dxe6 fxe6 21. Bxb7+
Qxb7 22. Qd6 e5 23. Qe7 Qc6 24. Rfd1 Rdf8 25. Rd2 R6f7 26. Qd6 Qxd6 27. Rxd6
Rxf2 28. Rad1 Nb8 29. a6 e4 30. Nxc5 e3 31. Ne6 Nxa6 32. Nxf8 Rxb2 33. Rxa6 e2
34. Rc1 Kb7 35. Re6 c3 36. Nd7 Rd2 37. Nc5+ Kc7 38. Kf2 e1=Q+ 39. Kxe1 Rxh2 1-0

[Event "IV Festival A"]
[Site "Salsomaggiore Terme ITA"]
[Date "2000.05.12"]
[Round "2"]
[White "Scarenzio, Renato"]
[Black "Contin, Daniel"]
[Result "0-1"]
[WhiteElo "2013"]
[BlackElo "2391"]
[PlyCount "42"]
[EventDate "2000.05.11"]

1. d4 Nf6 2. c4 e6 3. Nc3 Bb4 4. Qc2 O-O 5. a3 Bxc3+ 6. Qxc3 b6 7. Nf3 Bb7 8.
Bg5 c5 9. dxc5 bxc5 10. Bxf6 Qxf6 11. Qxf6 gxf6 12. O-O-O Rd8 13. Rd6 Kf8 14.
e3 Ke7 15. Rd2 Nc6 16. Be2 Rab8 17. Rhd1 Na5 18. Kc2 Bc6 19. Rb1 Ba4+ 20. Kc3
Rb3+ 21. Kc2 Rxe3+ 0-1

[Event "IV Festival A"]
[Site "Salsomaggiore Terme ITA"]
[Date "2000.05.12"]
[Round "2"]
[White "Sciortino, Massimo"]
[Black "Mrdja, Milan"]
[Result "1/2-1/2"]
[WhiteElo "2190"]
[BlackElo "2425"]
[PlyCount "107"]
[EventDate "2000.05.11"]

1. e4 c5 2. f4 Nc6 3. Nf3 e6 4. d4 cxd4 5. Nxd4 d6 6. Nc3 Bd7 7. Be3 Nf6 8. Qf3
Qa5 9. Nb3 Qc7 10. a3 a6 11. Bd3 Na5 12. Nxa5 Qxa5 13. O-O Qc7 14. Kh1 Bc6 15.
Rae1 Be7 16. f5 O-O-O 17. h3 Rde8 18. Qf2 Bd8 19. Bf4 Nd7 20. Nb1 Bf6 21. Nd2
Bxb2 22. Nc4 Be5 23. Bd2 d5 24. Ba5 Qb8 25. exd5 exd5 26. Nxe5 Nxe5 27. Rb1 Nc4
28. Bxc4 dxc4 29. Rfe1 Qd6 30. Kg1 Rxe1+ 31. Rxe1 Re8 32. Rxe8+ Bxe8 33. Bb4
Qd5 34. Qc5+ Qxc5+ 35. Bxc5 Kd7 36. Kf2 Kc6 37. Bf8 g6 38. fxg6 fxg6 39. Ke3
Kd5 40. Bg7 Ba4 41. c3 Bc2 42. h4 Bf5 43. Bf8 Kc6 44. Kd4 Kb5 45. Be7 Bd3 46.
Bf8 Ka4 47. Bd6 Kb3 48. Be7 a5 49. Bd8 Ka4 50. Ke3 Bf5 51. Kd2 Be4 52. g3 Kb5
53. Ke3 Bf5 54. Be7 1/2-1/2

[Event "IV Festival A"]
[Site "Salsomaggiore Terme ITA"]
[Date "2000.05.12"]
[Round "2"]
[White "Turci, Stefano"]
[Black "Bertino, Paolo"]
[Result "1-0"]
[WhiteElo "2174"]
[BlackElo "1993"]
[PlyCount "62"]
[EventDate "2000.05.11"]

1. e4 d5 2. exd5 Qxd5 3. Nc3 Qa5 4. d4 Nf6 5. Bc4 Bf5 6. Nge2 e6 7. O-O c6 8.
Ng3 Bg6 9. f4 Bd6 10. f5 Bxf5 11. Nxf5 exf5 12. Qe2+ Kf8 13. Qf3 Nbd7 14. Qxf5
Qxf5 15. Rxf5 h6 16. Bd2 g6 17. Rf3 Kg7 18. Raf1 Rhe8 19. g4 Bxh2+ 20. Kg2 Bd6
21. g5 hxg5 22. Bxg5 Be7 23. Ne4 Nd5 24. Rxf7+ Kh8 25. Rh1+ Kg8 26. Rxe7 Rxe7
27. Bxe7 Re8 28. Bxd5+ cxd5 29. Nf6+ Nxf6 30. Bxf6 Re2+ 31. Kf3 Rxc2 1-0

[Event "IV Festival A"]
[Site "Salsomaggiore Terme ITA"]
[Date "2000.05.12"]
[Round "2"]
[White "Vujovic, Milorad"]
[Black "Oppici, Gabriele"]
[Result "1-0"]
[WhiteElo "2316"]
[BlackElo "2056"]
[PlyCount "76"]
[EventDate "2000.05.11"]

1. e4 Nc6 2. d4 e5 3. Nf3 exd4 4. Bc4 Be7 5. c3 Na5 6. Qxd4 Nxc4 7. Qxc4 d6 8.
O-O Nf6 9. Rd1 O-O 10. e5 Ne8 11. Bf4 Be6 12. Qb5 Qc8 13. Bg5 f6 14. exf6 Bxf6
15. Re1 Bd7 16. Qb3+ Kh8 17. Nbd2 Bc6 18. Bxf6 Nxf6 19. Nd4 Bd5 20. c4 Qg4 21.
N2f3 Be4 22. h3 Qg6 23. Ne6 Rfc8 24. Re3 Nd7 25. Neg5 Nc5 26. Qc3 Bxf3 27. Nxf3
Re8 28. Rae1 Rxe3 29. Qxe3 h6 30. b4 Na6 31. a3 Qf6 32. Nh2 Rf8 33. Ng4 Qf7 34.
c5 h5 35. Nh2 dxc5 36. bxc5 Qf4 37. Qe2 Qf5 38. c6 -- 1-0

[Event "IV Festival A"]
[Site "Salsomaggiore Terme ITA"]
[Date "2000.05.13"]
[Round "3"]
[White "Bemporad, Filippo"]
[Black "Vujovic, Milorad"]
[Result "0-1"]
[WhiteElo "2110"]
[BlackElo "2316"]
[PlyCount "86"]
[EventDate "2000.05.11"]

1. d4 b5 2. Nf3 Bb7 3. e3 a6 4. Bd3 e6 5. O-O Nf6 6. b3 d6 7. Bb2 Nbd7 8. c4
bxc4 9. bxc4 Rb8 10. Qc2 c5 11. Nbd2 Be7 12. Bc3 Qc7 13. Rab1 O-O 14. Rfc1 Rfc8
15. Ba1 h6 16. Ne4 Bxe4 17. Bxe4 d5 18. cxd5 Rxb1 19. Qxb1 exd5 20. Bf5 c4 21.
Bc3 Rb8 22. Qc2 Bb4 23. Rb1 a5 24. Nd2 g6 25. Bxd7 Nxd7 26. e4 Bxc3 27. Rxb8+
Qxb8 28. Qxc3 Qb4 29. Qxb4 axb4 30. f3 Nb6 31. Kf2 Kf8 32. Ke2 Ke7 33. Nf1 Kd7
34. Ne3 Kc6 35. Kd2 Kb5 36. Kc2 Ka4 37. e5 Ka3 38. Kb1 b3 39. axb3 cxb3 40. g4
Nc4 41. Nd1 Nd2+ 42. Kc1 Nxf3 43. Nc3 b2+ 0-1

[Event "IV Festival A"]
[Site "Salsomaggiore Terme ITA"]
[Date "2000.05.13"]
[Round "3"]
[White "Bertino, Paolo"]
[Black "Bini, Lorenzo"]
[Result "1-0"]
[WhiteElo "1993"]
[BlackElo "2067"]
[PlyCount "86"]
[EventDate "2000.05.11"]

1. d4 d6 2. Nf3 g6 3. Bf4 Bg7 4. e3 Nd7 5. h3 h6 6. c3 Ngf6 7. Nbd2 O-O 8. Bc4
Qe8 9. O-O Kh8 10. e4 e5 11. dxe5 dxe5 12. Bh2 Nh7 13. Re1 Qe7 14. Qe2 Ng5 15.
Qe3 Ne6 16. Bd3 Kh7 17. Nc4 Nec5 18. Bc2 b6 19. Rad1 Bb7 20. Re2 Rad8 21. b4
Ba6 22. Nfd2 Ne6 23. Bb3 Nf4 24. Ree1 h5 25. Nf1 Bh6 26. Qf3 Nf6 27. Nfe3 Rxd1
28. Rxd1 Bb7 29. Bc2 Re8 30. Bxf4 exf4 31. Nd5 Nxd5 32. exd5 Qe2 33. Rd2 Qxf3
34. gxf3 Bg7 35. d6 Bxf3 36. Bd3 cxd6 37. Nxd6 Re1+ 38. Bf1 Bf6 39. Nxf7 Bxc3
40. Rc2 Bxb4 41. Ng5+ Kg7 42. Nxf3 Ra1 43. Kg2 g5 1-0

[Event "IV Festival A"]
[Site "Salsomaggiore Terme ITA"]
[Date "2000.05.13"]
[Round "3"]
[White "Contin, Daniel"]
[Black "Aleksic, Nenad"]
[Result "1/2-1/2"]
[WhiteElo "2391"]
[BlackElo "2405"]
[PlyCount "33"]
[EventDate "2000.05.11"]

1. Nf3 Nf6 2. c4 e6 3. g3 b6 4. Bg2 Bb7 5. O-O Be7 6. Nc3 O-O 7. Re1 Ne4 8.
Nxe4 Bxe4 9. d3 Bb7 10. e4 c5 11. d4 cxd4 12. Nxd4 Nc6 13. e5 Qc8 14. Nb5 Na5
15. Qg4 Kh8 16. Bxb7 Nxb7 17. Be3 1/2-1/2

[Event "IV Festival A"]
[Site "Salsomaggiore Terme ITA"]
[Date "2000.05.13"]
[Round "3"]
[White "Giretti Kanev, Jasen"]
[Black "Frigieri, Fabrizio"]
[Result "1-0"]
[WhiteElo "2155"]
[BlackElo "1900"]
[PlyCount "57"]
[EventDate "2000.05.11"]

1. e4 d5 2. e5 c5 3. Nf3 Bf5 4. Nh4 Bd7 5. g3 d4 6. Bg2 Bc6 7. e6 Bxg2 8. exf7+
Kxf7 9. Nxg2 Nf6 10. O-O e5 11. d3 Be7 12. Bg5 Re8 13. Nd2 Kg8 14. Bxf6 Bxf6
15. Ne4 b6 16. f4 Nc6 17. f5 Ne7 18. g4 Nd5 19. Qf3 Rf8 20. g5 Be7 21. Qg3 Bd6
22. Rae1 Nf4 23. Nxf4 exf4 24. Qg4 Bc7 25. Nf6+ Rxf6 26. gxf6 Qxf6 27. Re6 Qf8
28. f6 g6 29. Re7 1-0

[Event "IV Festival A"]
[Site "Salsomaggiore Terme ITA"]
[Date "2000.05.13"]
[Round "3"]
[White "Gorbatov, Alexej"]
[Black "Barberi, Alessandro"]
[Result "1-0"]
[WhiteElo "2423"]
[BlackElo "2135"]
[PlyCount "118"]
[EventDate "2000.05.11"]

1. c4 e5 2. Nc3 Nc6 3. g3 g6 4. Bg2 Bg7 5. Rb1 a5 6. a3 d6 7. b4 axb4 8. axb4
Bf5 9. d3 Qc8 10. b5 Nce7 11. Qb3 Nf6 12. Ba3 b6 13. Bxa8 Qxa8 14. f3 O-O 15.
e4 Be6 16. Nge2 Bh3 17. Rg1 h5 18. Bc1 Nd7 19. g4 hxg4 20. fxg4 Nc5 21. Qc2 Qc8
22. g5 f5 23. gxf6 Bxf6 24. Be3 Bh4+ 25. Kd2 Bf2 26. Rg5 Bf1 27. Bxf2 Rxf2 28.
Rg3 Qf8 29. Re1 Qh6+ 30. Kd1 Qxh2 31. Re3 Ne6 32. Qa2 Nd4 33. c5+ Kf8 34. cxd6
cxd6 35. Qa8+ Kf7 36. Qa7 Bxe2+ 37. Nxe2 Nf3 38. Qxb6 Nxe1 39. Kxe1 Qh4 40. Kd2
Rf1 41. Rg3 Rb1 42. Qf2+ Kg7 43. b6 Rb2+ 44. Kc3 Rxe2 45. Rxg6+ Nxg6 46. Qxh4
Nxh4 47. b7 Rf2 48. b8=Q Rf6 49. Qc7+ Kg6 50. Qd7 Nf3 51. Kc4 Nd4 52. Kd5 Kg5
53. Qd8 Kg6 54. Qg8+ Kh6 55. Kc4 Rg6 56. Qf7 Kg5 57. Kb4 Rf6 58. Qd5 Kf4 59.
Qg8 Ke3 1-0

[Event "IV Festival A"]
[Site "Salsomaggiore Terme ITA"]
[Date "2000.05.13"]
[Round "3"]
[White "Jurkovic, Ante"]
[Black "Bosio, Devis"]
[Result "1-0"]
[WhiteElo "2326"]
[BlackElo "2131"]
[PlyCount "131"]
[EventDate "2000.05.11"]

1. e4 c6 2. d4 d5 3. Nd2 dxe4 4. Nxe4 Bf5 5. Ng3 Bg6 6. h4 h6 7. Nf3 Nd7 8. h5
Bh7 9. Bd3 Bxd3 10. Qxd3 Ngf6 11. Bd2 e6 12. Qe2 Be7 13. O-O-O O-O 14. Ne4 Nxe4
15. Qxe4 Nf6 16. Qe2 Qd5 17. c4 Qe4 18. Qxe4 Nxe4 19. Be3 Rfd8 20. Nd2 Nf6 21.
f3 b5 22. b3 Rd7 23. Kc2 Rad8 24. g4 Rc7 25. Ne4 Rcd7 26. Nf2 Rc7 27. Nd3 Nd7
28. Bd2 Rcc8 29. Ba5 Re8 30. Ne5 Nxe5 31. dxe5 Bd8 32. Bb4 c5 33. Bc3 b4 34.
Bb2 Bc7 35. f4 Red8 36. Bc1 Rxd1 37. Rxd1 Rd8 38. Be3 Rxd1 39. Kxd1 Bb6 40. Ke2
a6 41. Kf3 Kh7 42. Ke4 Ba7 43. Bf2 Bb6 44. Bh4 Bc7 45. Be7 Bb6 46. Bd6 Kg8 47.
f5 Kh7 48. Kf4 Kg8 49. Be7 Kh7 50. g5 hxg5+ 51. Kxg5 exf5 52. Kxf5 Kh6 53. Kg4
g6 54. hxg6 Kxg6 55. Kf4 Bc7 56. Ke4 a5 57. Bxc5 f5+ 58. exf6 Kxf6 59. Kd5 Bd8
60. Bd6 Kf7 61. c5 Ke8 62. c6 Bb6 63. Kc4 Kd8 64. Kb5 Bc7 65. Bxc7+ Kxc7 66.
Kc5 1-0

[Event "IV Festival A"]
[Site "Salsomaggiore Terme ITA"]
[Date "2000.05.13"]
[Round "3"]
[White "Laketic, Gojko"]
[Black "Sciortino, Massimo"]
[Result "1-0"]
[WhiteElo "2456"]
[BlackElo "2190"]
[PlyCount "41"]
[EventDate "2000.05.11"]

1. d4 Nf6 2. c4 g6 3. Nc3 Bg7 4. e4 d6 5. Nf3 O-O 6. Be2 e5 7. d5 a5 8. Bg5 h6
9. Bh4 Na6 10. Nd2 Qe8 11. a3 Bd7 12. b3 Nc5 13. O-O Nh7 14. Qc2 f5 15. f3 f4
16. b4 axb4 17. axb4 Na4 18. Nb5 Bxb5 19. cxb5 Nb6 20. Qxc7 Rxa1 21. Rxa1 1-0

[Event "IV Festival A"]
[Site "Salsomaggiore Terme ITA"]
[Date "2000.05.13"]
[Round "3"]
[White "Loncar, Robert"]
[Black "Nelli, Luca"]
[Result "1-0"]
[WhiteElo "2406"]
[BlackElo "1936"]
[PlyCount "70"]
[EventDate "2000.05.11"]

1. Nf3 Nf6 2. c4 c5 3. Nc3 b6 4. d4 cxd4 5. Nxd4 Bb7 6. f3 d6 7. e4 a6 8. Be3
e6 9. Be2 Be7 10. Qa4+ Nfd7 11. O-O O-O 12. Rac1 Qc7 13. Qd1 Nc6 14. Nd5 Qd8
15. Nxe7+ Qxe7 16. Nxc6 Bxc6 17. Bf4 e5 18. Be3 Rab8 19. Qd2 Rfd8 20. Rfd1 Nc5
21. Bg5 f6 22. Be3 a5 23. b3 Qc7 24. Qc3 Ra8 25. Kh1 Kh8 26. Rd2 Rab8 27. Rcd1
Qe7 28. a3 Ne6 29. h3 h6 30. b4 Qc7 31. Rb1 axb4 32. axb4 Bb7 33. Qb3 Re8 34.
Rbd1 Rbd8 35. Qa4 Bc6 1-0

[Event "IV Festival A"]
[Site "Salsomaggiore Terme ITA"]
[Date "2000.05.13"]
[Round "3"]
[White "Mione, Dario"]
[Black "Farago, Ivan"]
[Result "0-1"]
[WhiteElo "2290"]
[BlackElo "2467"]
[PlyCount "114"]
[EventDate "2000.05.11"]

1. e4 c5 2. Nf3 e6 3. d4 cxd4 4. Nxd4 a6 5. Nc3 Qc7 6. g3 Bb4 7. Nde2 Nf6 8.
Bg2 Nc6 9. O-O Be7 10. a4 O-O 11. h3 Rd8 12. Bf4 d6 13. g4 Rb8 14. Be3 d5 15.
exd5 Nb4 16. Bf4 e5 17. Bg5 Nfxd5 18. Nxd5 Nxd5 19. Bxe7 Nxe7 20. Qc1 Be6 21.
Nc3 Ng6 22. Qe3 Rd4 23. Be4 Nf4 24. Ne2 Nxh3+ 25. Kg2 Bxg4 26. Nxd4 exd4 27.
Qg3 Nf4+ 28. Kh1 Be2 29. Rfe1 Rc8 30. f3 g6 31. Qh2 Bc4 32. b3 Be6 33. Rad1 Qd6
34. Bxb7 Rc5 35. Qd2 Rh5+ 36. Kg1 Rg5+ 37. Kh1 Rh5+ 38. Kg1 Nh3+ 39. Kf1 Rg5
40. Qxd4 Qh2 41. Qd8+ Kg7 42. Qd4+ f6 43. Rd2 Rg1+ 44. Qxg1 Qxg1+ 45. Ke2 Qb6
46. Kd1 Nf4 47. Be4 h5 48. Kc1 h4 49. Rh1 h3 50. Kb2 f5 51. Bd3 Qe3 52. Rdd1 a5
53. Bb5 Bd5 54. Rhe1 Qxf3 55. Rf1 Qg4 56. Rd2 Bg2 57. Re1 h2 0-1

[Event "IV Festival A"]
[Site "Salsomaggiore Terme ITA"]
[Date "2000.05.13"]
[Round "3"]
[White "Mrdja, Milan"]
[Black "Bertagnolli, Alexander"]
[Result "1-0"]
[WhiteElo "2425"]
[BlackElo "2191"]
[PlyCount "61"]
[EventDate "2000.05.11"]

1. e4 g6 2. d4 Bg7 3. Nc3 c6 4. Nf3 d5 5. Bf4 dxe4 6. Nxe4 Bg4 7. c3 Nf6 8.
Nxf6+ Bxf6 9. Bc4 O-O 10. h3 Bxf3 11. Qxf3 Nd7 12. O-O-O b5 13. Bb3 b4 14. c4
a5 15. Qxc6 Rc8 16. Qb5 Nb6 17. Kb1 a4 18. Bc2 Rxc4 19. Bxa4 Qa8 20. Bc2 Rxc2
21. Kxc2 Qe4+ 22. Kb3 Rc8 23. Rc1 Rxc1 24. Bxc1 Qxd4 25. Re1 Nd7 26. Kc2 Ne5
27. Qe2 Nc4 28. Rd1 Na3+ 29. Kb3 Qb6 30. Qe3 Qb7 31. Rd8+ 1-0

[Event "IV Festival A"]
[Site "Salsomaggiore Terme ITA"]
[Date "2000.05.13"]
[Round "3"]
[White "Oppici, Gabriele"]
[Black "Popa, Claudiu"]
[Result "1/2-1/2"]
[WhiteElo "2056"]
[BlackElo "2140"]
[PlyCount "72"]
[EventDate "2000.05.11"]

1. Nc3 Nf6 2. e4 e5 3. Nf3 Nc6 4. d4 exd4 5. Nxd4 Nxd4 6. Qxd4 d6 7. Be2 Be7 8.
Be3 O-O 9. O-O-O Ng4 10. Bxg4 Bxg4 11. f3 Be6 12. Rhe1 Bf6 13. Qd2 Re8 14. Kb1
a6 15. Ne2 Qd7 16. Bd4 Bxd4 17. Nxd4 Re7 18. Qg5 f6 19. Qg3 Qa4 20. b3 Qb4 21.
Kb2 a5 22. c3 Qb6 23. Nf5 Bxf5 24. exf5 Rae8 25. Rxe7 Rxe7 26. Re1 Re5 27. f4
Rxe1 28. Qxe1 h6 29. g4 Qc6 30. Qe2 a4 31. h4 axb3 32. axb3 Qd7 33. Qd3 Qe7 34.
g5 hxg5 35. hxg5 fxg5 36. fxg5 Qxg5 1/2-1/2

[Event "IV Festival A"]
[Site "Salsomaggiore Terme ITA"]
[Date "2000.05.13"]
[Round "3"]
[White "Pernigotti, Carlo"]
[Black "Scarenzio, Renato"]
[Result "1-0"]
[WhiteElo "2203"]
[BlackElo "2013"]
[PlyCount "47"]
[EventDate "2000.05.11"]

1. e4 c6 2. d4 d5 3. exd5 cxd5 4. c4 Nc6 5. Nc3 Nf6 6. Bg5 e6 7. Nf3 Bb4 8. Rc1
O-O 9. c5 Re8 10. Bb5 Qa5 11. Bxc6 bxc6 12. Bxf6 gxf6 13. O-O Bxc3 14. Rxc3
Qxa2 15. Qd2 Rb8 16. Qh6 Qxb2 17. Re3 Rb3 18. Qxf6 Rxe3 19. fxe3 Qb7 20. Ne5
Qe7 21. Qh6 Qf8 22. Qg5+ Qg7 23. Qxg7+ Kxg7 24. Rxf7+ 1-0

[Event "IV Festival A"]
[Site "Salsomaggiore Terme ITA"]
[Date "2000.05.13"]
[Round "3"]
[White "Raineri, Valerio"]
[Black "Scalcione, Michelangelo"]
[Result "1/2-1/2"]
[WhiteElo "1981"]
[BlackElo "2183"]
[PlyCount "71"]
[EventDate "2000.05.11"]

1. e4 e5 2. Nf3 d6 3. Bc4 Be7 4. d3 Nf6 5. Nc3 O-O 6. Bg5 c6 7. Qd2 a5 8. a4
Na6 9. O-O Nc5 10. h3 Ne6 11. Bxe6 Bxe6 12. Kh2 Nh5 13. Bxe7 Qxe7 14. Qg5 Qxg5
15. Nxg5 Bc8 16. g3 h6 17. Nf3 Be6 18. Nd2 g5 19. Rae1 Kh7 20. Nd1 Rg8 21. Ne3
f6 22. Ndc4 Rgd8 23. Nd2 d5 24. f3 d4 25. Ng4 b5 26. Ra1 Rdb8 27. b3 Bd7 28.
Rfb1 Kg6 29. Nf2 Ng7 30. Nd1 Ne6 31. Ra2 Nc5 32. Nb2 h5 33. Raa1 b4 34. Nbc4
Ne6 35. Kg1 h4 36. g4 1/2-1/2

[Event "IV Festival A"]
[Site "Salsomaggiore Terme ITA"]
[Date "2000.05.13"]
[Round "3"]
[White "Tagliagambe, Stefano"]
[Black "Tencati, Giuseppe"]
[Result "0-1"]
[WhiteElo "1900"]
[BlackElo "2054"]
[PlyCount "108"]
[EventDate "2000.05.11"]

1. Nf3 d5 2. c4 c6 3. b3 Nf6 4. g3 Bf5 5. Bg2 e6 6. O-O Nbd7 7. Bb2 Be7 8. d3
Qc7 9. Nbd2 O-O 10. Qc2 h6 11. Rac1 Rad8 12. Qb1 Qb8 13. Qa1 Bh7 14. Ne5 Ne8
15. Ndf3 Nxe5 16. Nxe5 f6 17. Nf3 Nd6 18. Nd4 Kf7 19. cxd5 cxd5 20. Rc2 Rc8 21.
Rfc1 Rxc2 22. Rxc2 Rc8 23. Qc1 Rxc2 24. Qxc2 Qc8 25. Qxc8 Nxc8 26. Bh3 f5 27.
Nf3 Bd6 28. Be5 g5 29. Bf1 Bg6 30. Bxd6 Nxd6 31. Ne5+ Kf6 32. d4 f4 33. e3 fxe3
34. fxe3 a5 35. Bd3 Bxd3 36. Nxd3 Kf5 37. Kf2 Ne4+ 38. Ke1 b5 39. a3 h5 40. Ke2
h4 41. gxh4 gxh4 42. Ne5 a4 43. bxa4 bxa4 44. Nd7 Kg4 45. Nc5 Nc3+ 46. Kf2 Kh3
47. Nxe6 Kxh2 48. Ng5 Nb1 49. e4 Nxa3 50. exd5 Nc4 51. Nf3+ Kh3 52. d6 Nxd6 53.
Ke2 a3 54. Kd3 a2 0-1

[Event "IV Festival A"]
[Site "Salsomaggiore Terme ITA"]
[Date "2000.05.13"]
[Round "3"]
[White "Tortora, Franco"]
[Black "De Santis, Alessio"]
[Result "0-1"]
[WhiteElo "1801"]
[BlackElo "2309"]
[PlyCount "69"]
[EventDate "2000.05.11"]

1. d4 Nf6 2. c4 g6 3. Nc3 Bg7 4. e4 d6 5. Nge2 O-O 6. Ng3 c5 7. d5 a6 8. a4 h5
9. h3 e6 10. Be2 h4 11. Nf1 exd5 12. exd5 Nh7 13. Bf4 f5 14. Ne3 Qf6 15. O-O
Nd7 16. Qc2 Ne5 17. Bh2 Bd7 18. f4 Nf7 19. Kh1 Rae8 20. Ncd1 Qe7 21. Bd3 Nf6
22. Rf3 Nh6 23. Nc3 Ne4 24. Ncd1 Bd4 25. Ra3 Rf7 26. Bf1 Ng4 27. Rd3 Nxh2 28.
Kxh2 g5 29. fxg5 Nxg5 30. Rf2 Qe5+ 31. Kh1 Ne4 32. Rf3 Ng3+ 33. Kg1 f4 34. Kh2
fxe3 35. Nxe3 0-1

[Event "IV Festival A"]
[Site "Salsomaggiore Terme ITA"]
[Date "2000.05.13"]
[Round "3"]
[White "Turci, Stefano"]
[Black "Dragojlovic, Andjelko"]
[Result "0-1"]
[WhiteElo "2174"]
[BlackElo "2437"]
[PlyCount "70"]
[EventDate "2000.05.11"]

1. e4 c5 2. Nc3 g6 3. g3 Bg7 4. Bg2 e6 5. d3 Nc6 6. Be3 b6 7. Qd2 Ba6 8. Nh3
Nd4 9. f4 d6 10. O-O Ne7 11. Rae1 Bb7 12. Nd1 d5 13. c3 dxe4 14. dxe4 Ndc6 15.
Qe2 O-O 16. f5 exf5 17. exf5 Nxf5 18. Rxf5 gxf5 19. Qh5 Qf6 20. Nf4 Rfe8 21. c4
Rad8 22. Nc3 Qh6 23. Qxf5 Nd4 24. Qb1 Nf3+ 25. Bxf3 Bxf3 26. Ncd5 Be4 27. Qc1
Bxd5 28. Nxd5 Qh5 29. b3 Re4 30. Bf2 Rde8 31. Rxe4 Rxe4 32. Qd2 Qf3 33. Qg5 h6
34. Qd8+ Kh7 35. Ne7 Re1+ 0-1

[Event "IV Festival A"]
[Site "Salsomaggiore Terme ITA"]
[Date "2000.05.13"]
[Round "3"]
[White "Vivo, Mario"]
[Black "Pipitone, Antonio"]
[Result "1-0"]
[WhiteElo "2095"]
[BlackElo "2037"]
[PlyCount "121"]
[EventDate "2000.05.11"]

1. c4 Nf6 2. g3 g6 3. Bg2 Bg7 4. Nc3 d6 5. d4 O-O 6. Nf3 Nbd7 7. O-O e5 8. h3
exd4 9. Nxd4 Ne5 10. b3 Bd7 11. Bb2 Qc8 12. Kh2 Re8 13. Qd2 h6 14. Nd5 Nh7 15.
f4 Nc6 16. Nb5 Rb8 17. Bxg7 Kxg7 18. Nbxc7 Rf8 19. Nb5 Qd8 20. Qc3+ Kg8 21.
Rad1 a6 22. Nxd6 Bxh3 23. Ne4 Bxg2 24. Ndf6+ Nxf6 25. Nxf6+ Qxf6 26. Qxf6 Bxf1
27. Rxf1 Rfe8 28. f5 Rxe2+ 29. Kg1 Ne5 30. fxg6 fxg6 31. Qe6+ Kh8 32. Qd6 Re8
33. Rf8+ Rxf8 34. Qxf8+ Kh7 35. Qe7+ Kh8 36. Qxb7 h5 37. Qb6 Kg7 38. c5 Rxa2
39. c6 Nxc6 40. Qxc6 Kh6 41. Qc1+ g5 42. Qc6+ Kg7 43. Qe6 g4 44. Qf5 Kh6 45.
Qf6+ Kh7 46. Qg5 Ra1+ 47. Kf2 Ra2+ 48. Ke3 Rh2 49. Qe7+ Kg6 50. Qe6+ Kg5 51.
Qxa6 h4 52. Qb5+ Kg6 53. Qc6+ Kg5 54. Qd5+ Kg6 55. Qd6+ Kh5 56. Qe5+ Kg6 57.
Kf4 Rh3 58. Qe6+ Kh7 59. Kg5 hxg3 60. Qf7+ Kh8 61. Kg6 1-0

[Event "IV Festival A"]
[Site "Salsomaggiore Terme ITA"]
[Date "2000.05.13"]
[Round "4"]
[White "Aleksic, Nenad"]
[Black "Laketic, Gojko"]
[Result "1/2-1/2"]
[WhiteElo "2405"]
[BlackElo "2456"]
[PlyCount "105"]
[EventDate "2000.05.11"]

1. e4 g6 2. d4 Bg7 3. Nc3 d6 4. Bg5 Nc6 5. Nge2 h6 6. Bh4 Nf6 7. Qd2 a6 8. f3
O-O 9. g4 e5 10. Bf2 d5 11. exd5 Nxd5 12. O-O-O Nxc3 13. Qxc3 Qd5 14. Qb3 Be6
15. Bg2 exd4 16. Qxd5 Bxd5 17. Nxd4 Nxd4 18. Bxd4 Rad8 19. Rhe1 Bc6 20. Bxg7
Kxg7 21. Re7 Rxd1+ 22. Kxd1 Kf6 23. Re2 g5 24. Re1 Re8 25. Rxe8 Bxe8 26. Ke2 b6
27. Ke3 Ke5 28. Bf1 a5 29. Bd3 f6 30. c3 Bd7 31. a3 c5 32. Be4 Be8 33. Bb7 h5
34. gxh5 Bxh5 35. Bc6 Bf7 36. Bb7 Bb3 37. Bc6 f5 38. f4+ gxf4+ 39. Kf2 Bc2 40.
Bf3 Be4 41. h4 Kf6 42. Ke2 Kg6 43. Kf2 Kf6 44. Ke2 Ke5 45. Kf2 Bc2 46. Ke2 Bb3
47. Kf2 b5 48. Ke2 Bc4+ 49. Kf2 b4 50. cxb4 axb4 51. axb4 cxb4 52. Bc6 Kf6 53.
Bf3 1/2-1/2

[Event "IV Festival A"]
[Site "Salsomaggiore Terme ITA"]
[Date "2000.05.13"]
[Round "4"]
[White "Bertino, Paolo"]
[Black "Bemporad, Filippo"]
[Result "1/2-1/2"]
[WhiteElo "1993"]
[BlackElo "2110"]
[PlyCount "78"]
[EventDate "2000.05.11"]

1. d4 d5 2. Nf3 Nf6 3. Bf4 g6 4. e3 Bg7 5. Be2 O-O 6. h3 b6 7. Nbd2 Bb7 8. O-O
Nbd7 9. c3 c5 10. a4 a6 11. Qb3 Rc8 12. Rad1 e6 13. Rfe1 Re8 14. Bh2 h6 15. Ne5
Bf8 16. Bf3 Nxe5 17. Bxe5 Nd7 18. Bh2 cxd4 19. exd4 Nb8 20. Be2 Nc6 21. Bd3 Bg7
22. Nf3 Na5 23. Qc2 Nc4 24. Ne5 Nxe5 25. Bxe5 Bxe5 26. Rxe5 Kg7 27. Rde1 Qd7
28. R5e3 a5 29. Rg3 f5 30. Qe2 Bc6 31. Re3 Kf7 32. Bc2 Bxa4 33. Bxa4 Qxa4 34.
Rxe6 Qd7 35. Rxe8 Rxe8 36. Qd2 Rxe1+ 37. Qxe1 Qe6 38. Kf1 Qxe1+ 39. Kxe1 Ke6
1/2-1/2

[Event "IV Festival A"]
[Site "Salsomaggiore Terme ITA"]
[Date "2000.05.13"]
[Round "4"]
[White "Bini, Lorenzo"]
[Black "Oppici, Gabriele"]
[Result "1/2-1/2"]
[WhiteElo "2067"]
[BlackElo "2056"]
[PlyCount "91"]
[EventDate "2000.05.11"]

1. d3 e5 2. Nf3 Nc6 3. c3 Nf6 4. Nbd2 d5 5. Qa4 Bd6 6. e4 dxe4 7. dxe4 O-O 8.
Be2 Qe7 9. O-O Nd8 10. Qc2 c6 11. Nc4 Bc7 12. b3 c5 13. Ne3 b6 14. Bc4 Rb8 15.
Bd5 Nb7 16. h3 Nd6 17. c4 Bb7 18. Bb2 Bxd5 19. Nxd5 Nxd5 20. exd5 f6 21. Rae1
Rbe8 22. Nd2 Qd7 23. Re2 Re7 24. Rfe1 Rfe8 25. Qd3 Bb8 26. Qf3 Qc7 27. Qg4 f5
28. Qh4 e4 29. f4 Nf7 30. g3 g5 31. Qh5 Qd6 32. Rg2 Qg6 33. Qxg6+ hxg6 34. Bf6
Rd7 35. Nf3 gxf4 36. gxf4 Kh7 37. Ng5+ Nxg5 38. Bxg5 Bd6 39. Kf2 Kg8 40. Ke3
Rh7 41. Rh1 Kf7 42. h4 Reh8 43. Rgh2 Bf8 44. Rh3 Be7 45. Bxe7 Kxe7 46. R1h2
1/2-1/2

[Event "IV Festival A"]
[Site "Salsomaggiore Terme ITA"]
[Date "2000.05.13"]
[Round "4"]
[White "Bosio, Devis"]
[Black "Scarenzio, Renato"]
[Result "0-1"]
[WhiteElo "2131"]
[BlackElo "2013"]
[PlyCount "84"]
[EventDate "2000.05.11"]

1. e4 e5 2. Nf3 Nc6 3. Bb5 a6 4. Bxc6 dxc6 5. O-O Qd6 6. d4 exd4 7. Nxd4 Bd7 8.
Nc3 O-O-O 9. Be3 Nh6 10. f3 f5 11. Nb3 Qg6 12. Qe2 Bd6 13. Nc5 Qh5 14. e5 Bxe5
15. g3 f4 16. gxf4 Bxf4 17. Nxd7 Rhe8 18. Bxf4 Rxe2 19. Nb6+ cxb6 20. Nxe2 Qc5+
21. Rf2 g5 22. Bg3 Nf5 23. Nc3 Qe3 24. Ne4 Nxg3 25. hxg3 g4 26. Kf1 gxf3 27.
Re1 Qh6 28. Rxf3 Qh1+ 29. Kf2 Qh2+ 30. Kf1 Qxc2 31. Rf2 Qc4+ 32. Rfe2 Qxa2 33.
Kg1 Qb3 34. Kg2 Rd1 35. Rxd1 Qxd1 36. Kf3 Qd3+ 37. Re3 Qf1+ 38. Kg4 Kd7 39. Rf3
Qe2 40. Ng5 h6 41. Nh3 h5+ 42. Kf4 Kd6 0-1

[Event "IV Festival A"]
[Site "Salsomaggiore Terme ITA"]
[Date "2000.05.13"]
[Round "4"]
[White "Dragojlovic, Andjelko"]
[Black "Contin, Daniel"]
[Result "0-1"]
[WhiteElo "2437"]
[BlackElo "2391"]
[PlyCount "62"]
[EventDate "2000.05.11"]

1. e4 e6 2. d4 d5 3. Nc3 Bb4 4. e5 c5 5. a3 Bxc3+ 6. bxc3 Ne7 7. h4 Nbc6 8. h5
Qa5 9. Bd2 Bd7 10. a4 O-O-O 11. h6 gxh6 12. Rxh6 Ng8 13. Rh4 f6 14. f4 Nge7 15.
Bd3 c4 16. exf6 Ng8 17. Be2 Nxf6 18. Bf3 Ne7 19. Qe2 Rdf8 20. g3 Rhg8 21. Qh2
Nf5 22. Rh3 Rf7 23. Ne2 Bxa4 24. g4 Nxg4 25. Bxg4 Rxg4 26. Rxh7 Rxh7 27. Qxh7
b5 28. Qf7 Qb6 29. Kf2 Rg7 30. Qe8+ Kb7 31. Ng1 Nd6 0-1